| 000 | 00820nam a2200229Ii 4500 | ||
|---|---|---|---|
| 003 | JO-AjNU | ||
| 008 | 230605s9999||||xx |||||||||||||| ||und|| | ||
| 017 | _a2020/8/4220 | ||
| 020 | _a978-9923-26-102-6 | ||
| 040 |
_aJO-AjNU _bara _erda _cJO-AjNU |
||
| 041 | _aara | ||
| 050 | 1 | 4 | _aBF723 2022 |
| 100 | 3 |
_aتاليف النادي،آمنه حسن , _eauthor _962873 |
|
| 245 | 0 | 0 | _aالاضطرابات السلوكية عند الاطفال |
| 250 | _aط1 | ||
| 264 | 3 | 1 | _aعمان: دار المبادرة للنشر والتوزيع، 2022 |
| 300 | _a200ص | ||
| 336 |
_atext _btxt _2rdacontent |
||
| 337 |
_aunmediated _bn _2rdamedia |
||
| 338 |
_avolume _bnc _2rdacarrier |
||
| 650 | 4 |
_aالاضطرابات-السلوك الاطفال-السلوك الاجتماعي-سيكولوجية الاطفال _962874 |
|
| 999 |
_aA28491 _c32059 _d32059 |
||